Jey Uso's WrestleMania Opponents - Statistics

General Stats
  • This quiz has been taken 67 times
  • The average score is 13 of 34
Answer Stats
WrestleMania Opponent % Correct
Wrestlemania 41 Gunther
93%
Wrestlemania XL Jimmy Uso
93%
Wrestlemania 39 Kevin Owens
80%
Wrestlemania 39 Sami Zayn
75%
Wrestlemania 31 Big E
58%
Wrestlemania 34 Big E
58%
Wrestlemania 31 Kofi Kingston
55%
Wrestlemania 34 Kofi Kingston
55%
Wrestlemania 35 Sheamus
45%
WrestleMania XXX Cesaro
44%
Wrestlemania 31 Cesaro
44%
Wrestlemania 35 Cesaro
44%
Wrestlemania 35 Shinsuke Nakamura
44%
Wrestlemania 38 Shinsuke Nakamura
44%
Wrestlemania 38 Rick Boogs
36%
Wrestlemania 34 Rowan
36%
Wrestlemania 34 Harper
35%
WrestleMania XXVIII Tyson Kidd
29%
Wrestlemania 31 Tyson Kidd
29%
Wrestlemania 35 Ricochet
27%
Wrestlemania 35 Aleister Black
25%
Wrestlemania 35 Rusev
25%
Wrestlemania 32 Bubba Ray Dudley
24%
WrestleMania XXX Diego
24%
Wrestlemania 31 Diego
24%
Wrestlemania 32 D-Von Dudley
24%
WrestleMania XXVIII Epico
24%
WrestleMania XXX Fernando
24%
Wrestlemania 31 Fernando
24%
WrestleMania XXVIII Primo
24%
WrestleMania XXX Ryback
22%
WrestleMania XXX Jack Swagger
20%
WrestleMania XXX Curtis Axel
16%
WrestleMania XXVIII Justin Gabriel
16%
No matching quizzes found
Score Distribution
Percent of People with Each Score
Percentile by Number Answered
Your Score History
You have not taken this quiz